000 00318nam a22001337a 4500
008 180209b xxu||||| |||| 00| 0 eng d
020 _a0813007550
041 _aeng
080 _a941
100 _a16
101 _aHIS
245 _aThe Reconstruction of Spanish Golden Age Playhouse
_cAllen, J.J
942 _2udc
_cBK
999 _c42223
_d42223